000 00859nam a2200241 i 4500
001 169210
003 ES-MaACL
005 20250812062542.0
008 080822s19621962sp |||| | spa d
017 _aM 10.974-1962
080 _a615.7:159.9
100 1 _aJanz, Hans-Werner.
_9138283
245 1 0 _aPsique y fármaco /
_cHans-Werner Janz.
260 _aMadrid :
_bAteneo,
_c1962 (
_fBolaños y Aguilar)
300 _a92 p., [2] h. ;
_c19 cm.
490 1 _aO crece o muere ;
_v174-175
500 _a"Este trabajo fue dado a conocer por su autor en la conferencia pronunciada en el Ateneo de Madrid el día 23 de mayo de 1960"
610 2 _aAteneo de Madrid-
_vConferencias-
_y1940-1982.
_91908
650 0 4 _aFarmacología.
_912725
830 0 0 _aColección "O crece o muere"
_v174-175
_9183476
852 4 _aES-MaACL
_j2243-F-7
999 _c169210
_d169210